Plantas acuáticas del Parque Nacional Palo Verde y el Valle del Río Tempisque (Registro nro. 7384)
[ vista simple ]
| 000 -Cabecera | |
|---|---|
| Campo de control de longitud fija | 00732nam a22002777a 4500 |
| 005 - Fecha y hora de la última transacción | |
| Campo de control | 20240627164351.0 |
| 008 - Elementos de longitud fija--Información general | |
| Campo de control de longitud fija | 160115b2002 cr ||||| |||| 00| 0 spa d |
| 020 ## - International Standard Book Number | |
| Número Internacional Estándar del Libro (ISBN) | 9968702625 |
| 041 ## - Idioma | |
| Código de idioma | Español |
| 041 ## - Idioma | |
| Código de idioma | Inglés |
| 082 ## - Clasificación Decimal Dewey | |
| Número de clasificación | 581.76 C953p |
| 100 ## - Entrada principal--Autor personal | |
| Nombre personal | Crow, Garrett E. |
| 9 (RLIN) | 1132 |
| 245 ## - Título propiamente dicho | |
| Título | Plantas acuáticas del Parque Nacional Palo Verde y el Valle del Río Tempisque |
| 260 ## - Pie de imprenta | |
| Lugar de publicación, distribución, etc. | Costa Rica |
| 260 ## - Pie de imprenta | |
| Nombre del editor, distribuidor, etc. | INBIO |
| 260 ## - Pie de imprenta | |
| Fecha de publicación, distribución, etc. | 2002 |
| 300 ## - Descripción física | |
| Extensión | 296 páginas |
| 505 ## - Nota de contenido | |
| Nota de contenido | Contiene fotografías a color |
| 650 ## - Materia general | |
| Temática (materia general) | PLANTAS ACUÁTICAS |
| 650 ## - Materia general | |
| Temática (materia general) | VALLE DEL RIO TEMPISQUE |
| 650 ## - Materia general | |
| Temática (materia general) | PARQUE NACIONAL PALO VERDE |
| 650 ## - Materia general | |
| Temática (materia general) | BIODIVERSIDAD |
| 650 ## - Materia general | |
| Temática (materia general) | CONSERVACIÓN |
| 942 ## - Punto de acceso adicional KOHA | |
| Tipo de ítem KOHA | Libro |
| Fuente del sistema de clasificación o colocación | Dewey Decimal Classification |
| Signatura completa | Código de barras | Programa Académico | Tipo de ítem |
|---|---|---|---|
| 581.76 C953p | 8028 | Turismo | Libro |
| 581.92 C953p | 20019 | Turismo | Libro |
| 58176 C953p | 21550 | Turismo | Libro |